Cestovné náhrady komplexne

Právna úprava poskytovania cestovných náhrad uvedená v zákone č. 283/2002 Z.z., ktorý bol doteraz trikrát novelizovaný. Predmet zákona o cestovných náhradách. Na ktoré osoby sa zákon vzťahuje. Podmienky, ktoré je potrebné určiť pri vyslaní na pracovnú cestu. Nárokové náhrady pri tuzemských pracovnýc...

Description complète

Enregistré dans:
Détails bibliographiques
Auteur principal: Oravcová, Martina
Format: Chapitre de livre
Langue:slovaque
Sujets:
Tags: Ajouter un tag
Pas de tags, Soyez le premier à ajouter un tag!

MARC

LEADER 00000naa$a2200000$$$4500
001 0049129
005 20231109091554.4
041 0 |a slo 
044 |a SK 
245 1 0 |a Cestovné náhrady komplexne  |c Martina Oravcová 
520 |a Právna úprava poskytovania cestovných náhrad uvedená v zákone č. 283/2002 Z.z., ktorý bol doteraz trikrát novelizovaný. Predmet zákona o cestovných náhradách. Na ktoré osoby sa zákon vzťahuje. Podmienky, ktoré je potrebné určiť pri vyslaní na pracovnú cestu. Nárokové náhrady pri tuzemských pracovných cestách. Náhrada výdavkov pri zahraničných pracovných cestách. Náhrada za používanie cestných motorových vozidiel. Náhrady pri výkone práce v zahraničí. Preddavok a vyúčtovanie pracovnej cesty. 
610 2 0 |a cesty pracovné 
610 2 0 |a legislatíva 
610 2 0 |a práva pracovníkov 
610 2 0 |a povinnosti pracovníkov 
610 2 0 |a povinnosti zamestnávateľov 
610 2 0 |a náhrada výdavkov 
610 2 0 |a cestovné 
610 2 0 |a práca v zahraničí 
100 1 |a Oravcová, Martina